000 01119cam a2200217 4500
001 WB3940-10
008 031022n2003 000 0 eng u
035 _a(Sirsi) u123976
245 _aGovernment affordable homes commitment
260 _c2003
490 _aODPM News Release
_v(0214) 21 October 2003, (3)
520 _aNew £5bn housing allocation is unveiled to improve access to affordable housing, decent homes and key workers. The key worker initiative will direct resources to priority categories of people such as teachers and health workers, and also other areas to tackle recruitment and retention problems. This all relates to the governments commitment to create a world class education system in London with the aim to retain more high quality teachers and transform standards. For the ODPM news release: http://www.odpm.gov.uk/pns/DisplayPN.cgi?pn_id=2003_0214
590 _aWB
650 _aAFFORDABLE HOMES
650 _aAffordable housing
_96215
650 _aKEY WORKERS
650 _aEDUCATION SYSTEM
650 _aHOUSING ALLOCATION
690 _aAffordable housing
_96215
942 _n0
999 _c73629
_d73629